| 000 | 00860nam a2200217 a 4500 | ||
|---|---|---|---|
| 001 | 000014096 | ||
| 005 | 20200929163455.0 | ||
| 008 | 091204s1993 dr ab 000 0 spa d | ||
| 040 |
_aDO-SdBNP _bspa _cBNPHU |
||
| 082 |
_a917.293 _bO13e |
||
| 245 | 0 | 0 |
_aObras escogidas de Oscar Cucurullo, Jr. / _cselección, edición y notas Dato Pagán Perdomo. |
| 260 |
_aSanto Domingo : _bTaller, _c1993. |
||
| 300 |
_a275 p. : _bil., maps. ; _c23 cm. |
||
| 490 | 1 |
_aSociedad Dominicana de Geografía _vv. 20 |
|
| 500 | _aIncluye referencias bibliográficas y notas al pie de las páginas | ||
| 504 | _aIncluye bibliografías del Prof. Oscar Cucurullo, Jr. (p. 269-275) | ||
| 650 | 4 |
_aRepública dominicana _xGeografía _931908 |
|
| 700 | 1 |
_aPerdomo Pagán, Dato, _esel., ed. y notas _931909 |
|
| 830 | 0 |
_aSociedad Dominicana de Geografía _vno. 20 _931910 |
|
| 049 | _aBNPD | ||
| 999 |
_c13698 _d13698 |
||